Statistics for Historical Largest Economies

Click here to take the quiz!

General Stats

  • This quiz has been taken 3,228 times
    (2,156 since last reset)
  • The average score is 8 of 8

Answer Stats

Country% Correct
United Kingdom
100%
United States
100%
China
99%
France
98%
Germany
98%
Japan
97%
India
92%
USSR
85%

Score Distribution

Percentile by Number Answered

Percent of People with Each Score

Your Score History

You have not taken this quiz since the last reset